Kalam Allah : Ehd E Jadeed mein (Record no. 533227)

000 -LEADER
fixed length control field 00606nam a22002057a 4500
003 - CONTROL NUMBER IDENTIFIER
control field NUST
005 - DATE AND TIME OF LATEST TRANSACTION
control field 20191216130014.0
008 - FIXED-LENGTH DATA ELEMENTS--GENERAL INFORMATION
fixed length control field 191216b ||||| |||| 00| 0 eng d
038 ## - RECORD CONTENT LICENSOR
Staff Name MSOHAIL
082 ## - DEWEY DECIMAL CLASSIFICATION NUMBER
Classification number 297
Author Mark KAL
100 ## - MAIN ENTRY--PERSONAL NAME
Personal name Hijjat ullaha
9 (RLIN) 12641
245 ## - TITLE STATEMENT
Title Kalam Allah : Ehd E Jadeed mein
Statement of responsibility, etc. Hijjat ullaha
260 ## - PUBLICATION, DISTRIBUTION, ETC.
Place of publication, distribution, etc. Rawalpindi :
Name of publisher, distributor, etc. Romail House of Publication,
Date of publication, distribution, etc. 2016.
300 ## - PHYSICAL DESCRIPTION
Extent 320; p. ;
500 ## - GENERAL NOTE
General note Hardcover.
880 ## - ALTERNATE GRAPHIC REPRESENTATION
Linkage 100-01\r
Title حجتہ اللہ
880 ## - ALTERNATE GRAPHIC REPRESENTATION
Linkage 245-02\r
Title کلام اللہ
880 ## - ALTERNATE GRAPHIC REPRESENTATION
Linkage 260-03\r
Title راولپنڈی :
b قاضی سنز,
c 2018.
942 ## - ADDED ENTRY ELEMENTS (KOHA)
Source of classification or shelving scheme
Koha item type Book
Holdings
Withdrawn status Lost status Source of classification or shelving scheme Damaged status Not for loan Permanent Location Current Location Date acquired Total Checkouts Full call number Barcode Date last seen Price effective from Koha item type
          School of Civil and Environmental Engineering (SCEE) School of Civil and Environmental Engineering (SCEE) 12/16/2019   297 KAL NIT-12960 12/16/2019 12/16/2019 Book
© 2023 Central Library, National University of Sciences and Technology. All Rights Reserved.